Представление документа в формате RUSMARC

ПолеНазваниеЗначение
  Тип записи a
  Библиографический уровень m
001 Контрольный номер UONB/MAIN/206f922c3e374b1aab4c0b0f6a5e747d
005 Дата корректировки 20260430101537.9
010 Индекс ISBN __
a ISBN 978-5-392-44993-4
b Уточнения в пер.
9 Тираж 5000 экз.
100 Данные общей обработки __
a Данные общей обработки 20260402d2026 u y0rusy0189 ca
101 Язык документа 0_
a Язык текста rus
102 Страна публикации __
a Страна публикации RU
105 Кодированные данные (монография) __
a Кодированные данные (монография) a z 000yy
200 Заглавие и сведения об ответственности 1_
a Заглавие История России в рассказах для детей и шедеврах русской живописи
f Первые сведения об ответственности А. О. Ишимова
203 Вид содержания и тип средства __
a Вид содержания Текст
b Характеристика содержания визуальный
c Тип средства непосредственный
210 Выходные данные 1_
a Место издания Москва
c Издательство Проспект
d Дата издания 2026
215 Физическое описание __
a Объем 336 с.
c Иллюстрации/тип воспроизводства ил.
d Формат 24 см
333 Примечание о целевом назначении __
a Примечание о целевом назначении 12+
606 Тематические рубрики 0_
a Основная рубрика Исторические романы и рассказы (д. л.)
607 Географические рубрики __
a Географическое наименование Россия
x Тематический подзаголовок История
686 Индексы других классификаций __
2 Код системы rubbk
a Классификационный индекс 84Р2-43
700 Автор _1
a Фамилия Ишимова
b Имя (инициалы) А. О.
g Полное личное имя Александра Осиповна
801 Источник записи _0
a Страна RU
b Организация Ульяновская ОНБ
c Дата составления 20260402
g Правила каталогизации RCR
801 Источник записи _1
a Страна RU
b Организация Ульяновская ОНБ
c Дата составления 20260402
g Правила каталогизации RCR
900 Электронные ресурсы __
a Имя электронного ресурса проспект20260071
900 Электронные ресурсы __
a Имя электронного ресурса проспект20260072
901 Тип документа __
t Тип документа m
909 Создатель записи __
a Создатель записи Егорова Э. А.
b Дата создания записи 20260402
910 Корректоры записи __
a Корректор записи Пазекова
b Дата внесения изменения в запись 20260430